01651nam a2200385 i 4500003001000000005001700010007000300027008005900030020001800089040003500107041000800142082002300150100003700173245016900210250002200379264004300401300006300444336002700507337003300534338002800567490002000595504004100615521004200656650003800698650002900736650003500765650002600800700005000826700005100876700004200927942001200969999001500981952013500996952013401131CO-BoRNBP20220317000213.0ta210803s2009 ck ao er spa d 0000000000spa00 a9789589718117 aCO-BoRNBPbspacCO-BoRNBPerda0 aspa04a639.7546bD87a2221 aDurán Ramírez, Felipeeautor10aAbonos, lombricultura y compostajebmétodos, sistemas, preparados, aplicacióncFelipe Durán Ramírez ; fotografía Eduardo Durán Naranjo... [y otros tres] aPrimera edición 1aBogotá, ColombiabGrupo Latinoc2009 a48 páginasbilustraciones y fotografías a colorc23 cm atextobtxt2rdacontent asin mediaciónbn2rdamedia avolumenbnc2rdacarrier0 aGranja integral aIncluye referencias bibliográficas aRecomendado para un público adulto 17aFertilizantes orgánicos2ARMARC17aAbono orgánico2ARMARC17aAbonos y fertilizantes2ARMARC17aLombricultura2ARMARC1 aDurán Naranjo, Eduardoefotógrafo92048241 aDurán Naranjo, Jonathanefotógrafo92048251 aRamírez, Jaimeefotógrafo9204826 2ddccBK c3388d3388 00102ddc40708GENaMECASARIbMECASARIcGENd2024-11-10l0o639.7546 -D87ApBM0001452r2024-11-10 10:31:13tEj.1w2024-11-10yBK 00102ddc40708GENaMEMAPJGAbMEMAPJGAcGENd2025-11-07l0o639.7546 D87apMPJG00871r2025-11-07 20:24:15tEj.1w2025-11-07yBK